| 000 | 01215nam0a22002531 4500 | ||
|---|---|---|---|
| 001 | rc\3271694 | ||
| 005 | 20260407023852.0 | ||
| 021 |
_aRU _bРг6651-71 |
||
| 021 |
_aRU _b70-81963 |
||
| 035 | _a(NLR Aleph) 007392990 | ||
| 090 |
_a6630669 _c6630669 |
||
| 100 | _a20130115d1970 |||y0rusy50 ca | ||
| 101 | 0 | _arus | |
| 102 | _aRU | ||
| 105 | _ay z ||||| | ||
| 200 | 1 |
_aЗадачи ФЭБ комбината "Центроник" в организации и осуществлении обслуживания потребителей его продукции _eДоклад _fГДР. ФЭБ комбинат "Центроник" _gЦентр. проектно-технол. бюро Главмехсчета ЦСУ СССР. Выставка вычислит. техники производства ГДР в г. Ташкенте с 10 по 21 ноября 1970 г. |
|
| 210 |
_aМосква _cБ. и. _d1970 |
||
| 215 |
_a9 с. _d29 |
||
| 712 | 1 | 2 |
_aВыставка вычислительной техники производства ГДР _f1970 _eТашкент _3RU\NLR\AUTH\8810009393 _9516523 |
| 801 | 0 |
_aRU _bNLR _gpsbo |
|
| 801 | 1 |
_aRU _bELAR _2rusmarc |
|
| 852 |
_aNLR _j71-8/515 |
||
| 942 | _cBOOK | ||
| 980 | _aNB | ||